Online
Catalog

La literatura americana de nuestros días : (Record no. 8526)

MARC details
000 -CABECERA
campo de control de longitud fija 00523nam a2200169 a 4500
001 - NÚMERO DE CONTROL
campo de control 000008757
005 - FECHA Y HORA DE LA ÚLTIMA TRANSACCIÓN
campo de control 20240412074208.0
008 - DATOS DE LONGITUD FIJA--INFORMACIÓN GENERAL
campo de control de longitud fija 090918s2004 sp 001 0 spa d
040 ## - FUENTE DE LA CATALOGACIÓN
Centro catalogador/agencia de origen DO-SdBNP
082 ## - NÚMERO DE LA CLASIFICACIÓN DECIMAL DEWEY
Número de clasificación RD860.09
Número de documento/Ítem B446l
049 ## - FONDOS LOCALES (OCLC)
Fondos de biblioteca BNPD
100 1# - ENTRADA PRINCIPAL--NOMBRE DE PERSONA
Nombre de persona García Godoy, F.
9 (RLIN) 21582
245 13 - MENCIÓN DE TÍTULO
Título La literatura americana de nuestros días :
Resto del título páginas efímeras /
Mención de responsabilidad, etc. F. García Godoy.
260 ## - PUBLICACIÓN, DISTRIBUCIÓN, ETC.
Lugar de publicación, distribución, etc. Madrid. :
Nombre del editor, distribuidor, etc. Sociedad Española de Librería,
Fecha de publicación, distribución, etc. [s. n.].
300 ## - DESCRIPCIÓN FÍSICA
Extensión 304 p. ;
Dimensiones 20 cm.
650 #0 - PUNTO DE ACCESO ADICIONAL DE MATERIA--TÉRMINO DE MATERIA
Término de materia o nombre geográfico como elemento de entrada Literatura dominicana.
9 (RLIN) 67
Holdings
Estado de retiro Estado de pérdida Restricciones de uso No para préstamo Código de colección Localización permanente Ubicación/localización actual Ubicación en estantería Fecha de adquisición Número de inventario Total de préstamos Signatura topográfica completa Código de barras Fecha visto por última vez Número de copia Precio válido a partir de Tipo de ítem Koha
    Préstamo restringido Préstamo restrigido Monografías: Libros y Folletos General General En catalogación 18.09.2009 LF1   RD860.09 B446l 8757-10 25.06.2020 e. 2 25.06.2020 Préstamo en sala
        Monografías: Libros y Folletos General General En catalogación 18.09.2009 LF1   RD860.09 B446l 8757-20 25.06.2020   25.06.2020 Préstamo en sala

Powered by Koha